<?xml version="1.0" encoding="UTF-8"?>
<marc:record xmlns:marc="http://www.loc.gov/MARC21/slim">
   <marc:leader>00000nam a2200000 a 4500</marc:leader>
   <marc:datafield ind1="1" ind2=" " tag="100">
      <marc:subfield code="a">Kästner, Erich</marc:subfield>
      <marc:subfield code="4">ctb</marc:subfield>
      <marc:subfield code="e">Mitwirkende/-r</marc:subfield>
   </marc:datafield>
   <marc:datafield ind1="1" ind2=" " tag="100">
      <marc:subfield code="a">Trier, Walter</marc:subfield>
      <marc:subfield code="4">ctb</marc:subfield>
      <marc:subfield code="e">Mitwirkende/-r</marc:subfield>
   </marc:datafield>
   <marc:datafield ind1="0" ind2="0" tag="245">
      <marc:subfield code="a">Die Konferenz der Tiere</marc:subfield>
   </marc:datafield>
   <marc:datafield ind1="0" ind2="0" tag="245">
      <marc:subfield code="c">Erich Kästner. Nach einer Idee von Jella Lepmann. Mit Bildern von Walter Trier</marc:subfield>
   </marc:datafield>
   <marc:datafield ind1=" " ind2="1" tag="264">
      <marc:subfield code="a">Hamburg</marc:subfield>
      <marc:subfield code="b">Dressler</marc:subfield>
   </marc:datafield>
   <marc:datafield ind1="1" ind2=" " tag="520">
      <marc:subfield code="a">Angaben aus der Verlagsmeldung

Die Konferenz der Tiere : farbig / von Erich Kästner

"Wir werden die Welt schon in Ordnung bringen! Wir sind ja schließlich keine Menschen!" Aus Wut über den Zustand der Welt schrieb Kästner 1949 eines seiner berühmtesten Bücher. DIE KONFERENZ DER TIERE wurde ein leidenschaftlicher Appell für die Rechte der Kinder, gegen Krieg und Gewalt, gegen Dummheit und Ignoranz. Dieses auch international sehr bekannte Buch erscheint nun wieder in seiner ursprünglichen Gestalt: mit allen Farbillustrationen von Walter Trier (die beinahe so berühmt sind wie der Text), im großen Bilderbuchformat und in liebevoller Ausstattung.
</marc:subfield>
   </marc:datafield>
   <marc:datafield ind1=" " ind2=" " tag="020">
      <marc:subfield code="a">9783791530031</marc:subfield>
      <marc:subfield code="9">9783791530031</marc:subfield>
   </marc:datafield>
   <marc:datafield ind1=" " ind2=" " tag="020">
      <marc:subfield code="a">3791530038</marc:subfield>
      <marc:subfield code="9">3791530038</marc:subfield>
   </marc:datafield>
   <marc:datafield ind1=" " ind2=" " tag="041">
      <marc:subfield code="a">ger</marc:subfield>
   </marc:datafield>
   <marc:datafield ind1=" " ind2=" " tag="300">
      <marc:subfield code="a">63 S.</marc:subfield>
   </marc:datafield>
</marc:record>
